Best U.S. Universities (D1) - Statistics

General Stats
  • This quiz has been taken 63 times
  • The average score is 54 of 82
Answer Stats
Hint Answer % Correct
MA Harvard
98%
NJ Princeton
96%
CA UC Berkeley
96%
NC Duke
94%
NC North Carolina
94%
CA UCLA
94%
CT Yale
94%
PA Pennsylvania
92%
CA Stanford
92%
FL Florida
91%
MI Michigan
91%
TX Texas
91%
RI Brown
87%
VA Virginia
87%
DC George Washington
85%
GA Georgia
85%
OH Ohio State
85%
NJ Rutgers
85%
CA USC
85%
WI Wisconsin
85%
NY Columbia
83%
NH Dartmouth
83%
IL Illinois
83%
IN Indiana
83%
FL Miami
83%
WA Washington
83%
NY Cornell
81%
DC Georgetown
81%
MD Maryland
81%
IN Notre Dame
81%
TX Rice
81%
TN Vanderbilt
81%
FL Florida State
79%
IL Northwestern
79%
MN Minnesota
77%
VA Virginia Tech
77%
PA Penn State
75%
GA Georgia Tech
74%
TX Texas A&M
74%
MA Boston College
72%
IA Iowa
70%
CT UConn
70%
MA UMass
70%
CO Colorado
66%
PA Pittsburgh
66%
IL UIC
66%
NC NC State
64%
MA Boston University
62%
SC Clemson
62%
MI Michigan State
62%
NY Buffalo
60%
IN Purdue
60%
LA Tulane
58%
CA UC San Diego
58%
NY Syracuse
55%
DE Delaware
53%
PA Temple
53%
CA UC Santa Barbara
53%
CA UC Davis
51%
NC Wake Forest
51%
CA UC Irvine
49%
VA William & Mary
49%
TX Baylor
47%
WA Gonzaga
47%
DC American
45%
FL South Florida
45%
PA Villanova
43%
MA Northeastern
42%
WI Marquette
40%
TX SMU
40%
CA UC Riverside
40%
FL Florida International
38%
DC Howard
38%
CA Pepperdine
36%
NY Binghamton
32%
NY Stony Brook
32%
NY Fordham
30%
PA Lehigh
28%
NJ NJIT
26%
PA Drexel
25%
CA Santa Clara
19%
CA Loyola Marymount
15%
No matching quizzes found
Score Distribution
Percent of People with Each Score
Percentile by Number Answered
Your Score History
You have not taken this quiz